000 00615nam a2200181 a 4500
008 120416s1971 ||||||||||||||||| || u
020 _a0721669417
050 _aQH 541 Odu
100 _aOdum, Eugene Pleasants, 1913-
245 1 0 _aFundamentals of ecology
250 _a3rd ed.
260 _aPhiladelphia
_bW.B. Saunders
_c1971
300 _axiv, 574 p. illus. (part col.), maps.
350 _a0.00
500 _aBibliography: p. 517-555.
650 _aECOLOGY
995 _D0.00
_FCBU-MAIN LIBRARY (Kitwe)
_H1
_I5.00
_M1
_UDAMAGED
_ZMain Library Open Access Collection
999 _c44135
_d44135